[Event "New Delhi Parsvnath op 13th"]
[Site "New Delhi"]
[Date "2015.01.10"]
[Round "2"]
[White "Md Manik, Miah"]
[Black "Dhar, Rajib"]
[Result "0-1"]
[WhiteElo "2011"]
[BlackElo "2151"]
[PlyCount "45"]
[EventDate "2015.01.09"]
[EventType "tourn"]
[EventRounds "10"]
[EventCountry "IND"]
[SourceTitle "CBM 164 Extra"]
[Source "ChessBase"]
[SourceDate "2015.03.02"]
[SourceVersion "1"]
[SourceVersionDate "2015.03.02"]
[SourceQuality "1"]

1. e4 c5 2. Nf3 Nc6 3. c3 d5 4. exd5 Qxd5 5. Be2 e5 6. 0-0 e4 7. Ne1 Bd6 8. f4 Nf6 9. Na3 0-0 10. d3 exd3 11. Nxd3 Bf5 12. Nf2 Rad8 13. Qa4 Bb8 14. Bf3 Qd7 15. Be3 Ne5 16. Qxd7 Nxf3+ 17. gxf3 Nxd7 18. Rad1 b6 19. Nb5 Nf6 20. c4 Rfe8 21. Rxd8 Rxd8 22. Nc3 Re8 23. Bd2 0-1